| 000 | 014750000a22002650004500 | ||
|---|---|---|---|
| 003 | LK-CoMWRAF | ||
| 008 | 230817t ||||| |||| 00| 0 eng d | ||
| 040 |
_aLK-CoMWRAF _dLK-CoMWRAF _eLK-CoMWRAF |
||
| 041 | _aeng | ||
| 082 |
_a300 _bEMP |
||
| 245 |
_aEmpowerment _bA Journal of Women for Women |
||
| 260 |
_bWomen for Women: A Research and Study Group _aDhaka _c1997 |
||
| 300 | _ap.124 | ||
| 490 | _aVol. 04 | ||
| 650 | _aFamily Psychosocial Dynamics in the Context of Rapid Economic and Social change in Malaysia by Rosnah Ismail, Wan Rafaei Abdul Rahman | ||
| 650 | _aHistory of Literacy Efforts for Women in Bangladesh: Various Issues and Dimensions by Jahanara Huq | ||
| 650 | _aIncome-earning Women from Rural Bangladesh: Change in Attitude and Knowledge by Syed Masud Ahmed, Alayne Adams, A.M.R. Chowdhury, Abbas Bhuiya | ||
| 650 | _aIs Participation in University Administration a Taboo for Women? An Exploration of the Problem by Farah Deeba Chowdhury | ||
| 650 | _aMainstreaming Women in Development Plans: A few Critical Comments on the fifth five year Plan by Rita Afsar | ||
| 650 | _aOrganizing Women for Self Reliance: an Experience from a Muslim Village in West Bengal, India by Sekh Rahim Mondal, Rokaiya Begum | ||
| 650 | _aPatriarchy as a Concept: Dealing with Diversity by Sadeka Halim | ||
| 650 | _aWomen's Participation in Employment: Its History and Determinants by Qazi Shamsuddin | ||
| 700 |
_aBegum,, Hamida Akhtar _eed. |
||
| 942 | _cBK | ||
| 999 |
_c1959 _d1959 |
||